[Event "OGOLNOPOLSKA OLIMPIADA MLODZIEZY<br/>MISTRZOSTWA POLSKI JUNIOROW 2016 - C12"]
[Site "Olecko"]
[Date "2016-05-07"]
[Round "2.2"]
[White "Turski, Bartlomiej"]
[Black "Czopor, Maciej"]
[Result "0-1"]
[WhiteTitle "I"]
[BlackTitle "I+"]
[WhiteElo "1704"]
[BlackElo "1980"]

1. e4 c5 2. Nf3 d6 3. d4 cxd4 4. Nxd4 Nf6 5. Nc3 e6 6. h3 a6 7. g4 Nc6 8. Be3 Be7
9. Qd2 O-O 10. O-O-O Nxd4 11. Bxd4 b5 12. Bd3 e5 13. Be3 b4 14. Nd5 Nxd5 15. exd5
a5 16. Kb1 f5 17. gxf5 Bxf5 18. Bxf5 Rxf5 19. Qd3 Qd7 20. h4 Raf8 21. Rdg1 Rf3
22. Rg2 Qf5 23. Qd2 Rc8 24. h5 Bf6 25. Rg3 Rxg3 26. fxg3 Qf3 27. Rg1 Qxh5 28.
Bb6 Bd8 29. g4 Qf7 30. Be3 Qg6 31. g5 Rc4 32. Qf2 a4 33. b3 axb3 34. axb3 Rc3
35. Kb2 Qf7 36. Qxf7+ Kxf7 37. Bd2 Rc5 38. Bxb4 Rxd5 39. c4 Rd4 40. Bc3 Rh4 41.
g6+ hxg6 42. Rf1+ Ke6 43. Rf8 Be7 44. Rf2 g5 45. Re2 g4 46. Be1 Rh1 47. b4 Bh4
48. Bxh4 Rxh4 49. Rg2 Kf5 50. c5 dxc5 51. bxc5 Kf4 52. c6 g3 53. Rd2 Rh8 54. Rd7
g5 55. Rf7+ Kg4 56. Rf1 g2 57. Rg1 Kg3 58. c7 Rc8 59. Rc1 Rxc7 0-1

[Event "OGOLNOPOLSKA OLIMPIADA MLODZIEZY<br/>MISTRZOSTWA POLSKI JUNIOROW 2016 - C12"]
[Site "Olecko"]
[Date "2016-05-07"]
[Round "2.3"]
[White "Czernek, Tymon"]
[Black "Norek, Bartosz"]
[Result "1-0"]
[WhiteTitle "I"]
[BlackTitle "II+"]
[WhiteElo "1895"]
[BlackElo "1687"]

1. e4 c5 2. Nf3 e6 3. d4 cxd4 4. Nxd4 a6 5. Bd3 Qc7 6. Nc3 Nf6 7. O-O Nc6 8. Nxc6
bxc6 9. Re1 d5 10. exd5 cxd5 11. Bg5 Be7 12. Bxf6 gxf6 13. Qe2 Bb7 14. Qh5 d4
15. Ne4 Qc6 16. f3 Qd5 17. Qh6 Qd8 18. Kh1 f5 19. Ng3 Bg5 20. Qh5 Qf6 21. Bxf5
O-O-O 22. Be4 Bf4 23. Bxb7+ Kxb7 24. Ne4 Qg6 25. Qh4 Rhg8 26. Re2 Be5 27. Qe7+
Bc7 28. Nc5+ Kc8 29. Nxa6 Rd7 30. Qc5 d3 31. Qc6 Kd8 32. cxd3 Qxd3 33. Nc5 1-0

[Event "OGOLNOPOLSKA OLIMPIADA MLODZIEZY<br/>MISTRZOSTWA POLSKI JUNIOROW 2016 - C12"]
[Site "Olecko"]
[Date "2016-05-07"]
[Round "2.4"]
[White "Dzida, Kamil"]
[Black "Ochedzan, Tymon"]
[Result "1-0"]
[WhiteTitle "I"]
[BlackTitle "II+"]
[WhiteElo "1838"]
[BlackElo "1664"]

1. e4 c5 2. Nf3 d6 3. d4 cxd4 4. Nxd4 Nf6 5. Nc3 a6 6. Be3 e5 7. Nb3 Be6 8. Qd2
Be7 9. f3 O-O 10. O-O-O a5 11. Kb1 a4 12. Nc1 a3 13. b3 Ra5 14. g4 d5 15. g5 d4
16. gxf6 Bxf6 17. Qe1 Qc7 18. Nb5 Rxb5 19. Bxb5 Rc8 20. Bd3 Bh4 21. Qb4 Be7 22.
Qe1 Bh4 23. Bf2 Bxf2 24. Qb4 Qc5 25. Qxc5 Rxc5 26. Ne2 g5 27. Rdf1 Be3 28. h4
h6 29. hxg5 hxg5 30. Rh5 Nc6 31. Rfh1 b5 32. Rh8+ Kg7 33. Ng3 b4 34. R1h6 f6 35.
Nh5+ Kf7 36. Rxf6+ Ke7 37. Rh7+ Kd6 38. Rhh6 Nd8 39. Ng7 g4 40. Nxe6 Bxh6 41.
Nxc5+ Kxc5 42. Rxh6 g3 43. Rg6 g2 44. Rxg2 Ne6 45. Kc1 Nf4 46. Rg8 Ng6 47. Rc8+
Kd6 48. Rc4 Nh4 49. Rxb4 Nxf3 50. Ra4 Ng5 51. Rxa3 Kc5 52. Kb2 Ne6 53. Ra5+ Kb4
54. Rb5# 1-0

[Event "OGOLNOPOLSKA OLIMPIADA MLODZIEZY<br/>MISTRZOSTWA POLSKI JUNIOROW 2016 - C12"]
[Site "Olecko"]
[Date "2016-05-07"]
[Round "2.5"]
[White "Koziorowicz, Michal"]
[Black "Mechlinski, Jakub"]
[Result "1-0"]
[WhiteTitle "I"]
[BlackTitle "II+"]
[WhiteElo "1690"]
[BlackElo "1805"]

1. e4 c5 2. Nf3 e6 3. d3 Nc6 4. g3 Nf6 5. Bg2 Be7 6. O-O O-O 7. Nbd2 h6 8. h4 d6
9. Re1 Qc7 10. Nf1 a6 11. N3h2 d5 12. Ng4 Nxg4 13. Qxg4 e5 14. Qh5 d4 15. Nh2
b5 16. f4 Qd6 17. f5 Bd7 18. Rf1 Be8 19. Qe2 Na5 20. Bd2 Nb7 21. Bf3 c4 22. Bh5
Kh7 23. Ng4 cxd3 24. cxd3 f6 25. Nf2 Qd7 26. Rac1 Bd6 27. Rc2 Bf7 28. b3 Rfc8
29. Rfc1 Rxc2 30. Rxc2 Qe8 31. Bxf7 Qxf7 32. Qd1 b4 33. h5 Nd8 34. g4 Qd7 35.
Qc1 a5 36. Rc4 Ra6 37. Nd1 Rc6 38. Nb2 Rc7 39. Rxc7 Qxc7 40. Qc4 Qxc4 41. bxc4
Nb7 42. Na4 Nc5 43. Nxc5 Bxc5 44. Kf1 a4 45. Ke2 b3 46. axb3 a3 47. Bc1 a2 48.
Bb2 Bb4 49. Kd1 Bc3 50. Kc2 Kg8 51. b4 a1=Q 52. Bxa1 Bxa1 53. b5 Bc3 54. b6 Ba5
55. c5 Kf7 56. Kb3 Ke7 57. Ka4 1-0

[Event "OGOLNOPOLSKA OLIMPIADA MLODZIEZY<br/>MISTRZOSTWA POLSKI JUNIOROW 2016 - C12"]
[Site "Olecko"]
[Date "2016-05-07"]
[Round "2.6"]
[White "Fiedorek, Michal"]
[Black "Babiarz, Arkadiusz"]
[Result "1/2-1/2"]
[WhiteTitle "I"]
[BlackTitle "I"]
[WhiteElo "1783"]
[BlackElo "1656"]

1. e4 c5 2. Nf3 e6 3. d4 cxd4 4. Nxd4 a6 5. Nc3 b5 6. g3 Bb7 7. Bg2 Qc7 8. O-O
Nc6 9. Re1 d6 10. Nxc6 Bxc6 11. Nd5 Qb7 12. f4 Nf6 13. Nxf6+ gxf6 14. Qd3 Be7
15. Bd2 Rd8 16. Ba5 Rd7 17. f5 e5 18. Rad1 O-O 19. g4 Qa7+ 20. Kh1 Qc5 21. Bd2
Rfd8 22. Be3 Qc4 23. b3 Qxd3 24. Rxd3 Bb7 25. Red1 Rc8 26. c3 Rdc7 27. Rc1 Rc6
28. Rc2 Bd8 29. Bc1 Ba5 30. Bb2 Bb6 31. Rcd2 Rd8 32. Bf3 a5 33. Rd5 b4 34. c4
Bc7 35. a4 Rc5 36. R5d3 h6 37. Kg2 Kh7 38. Kg3 Rc6 39. Rd5 Rc5 40. Rxc5 dxc5 41.
Rxd8 Bxd8 42. Kh4 Be7 43. Kh5 Bf8 44. Bc1 1/2-1/2

[Event "OGOLNOPOLSKA OLIMPIADA MLODZIEZY<br/>MISTRZOSTWA POLSKI JUNIOROW 2016 - C12"]
[Site "Olecko"]
[Date "2016-05-07"]
[Round "2.7"]
[White "Luczak, Filip"]
[Black "Suder, Jakub"]
[Result "1-0"]
[WhiteTitle "I"]
[BlackTitle "I"]
[WhiteElo "1662"]
[BlackElo "1763"]

1. Nf3 Nf6 2. g3 g6 3. Bg2 Bg7 4. d4 d6 5. O-O O-O 6. c4 Nbd7 7. Nc3 e5 8. d5 Nc5
9. Nd2 a5 10. Nb3 Nfd7 11. e4 a4 12. Nxc5 Nxc5 13. Be3 b6 14. Bxc5 bxc5 15. Nxa4
f5 16. Nc3 f4 17. f3 Qg5 18. g4 h5 19. h3 Qh4 20. Qe1 Bf6 21. Qxh4 Bxh4 22. Nb5
Rf7 23. Rfb1 hxg4 24. hxg4 Kg7 25. Kf1 Kh6 26. Ke2 Kg5 27. Rh1 Ba6 28. a4 Raf8
29. Rh3 Bc8 30. Rah1 Bg3 31. Rh8 Rxh8 32. Rxh8 Bd7 33. a5 c6 34. Nxd6 Rf6 35.
a6 cxd5 36. exd5 Rxd6 37. a7 Ra6 38. a8=Q Rxa8 39. Rxa8 e4 40. Ra7 Bc8 41. d6
Bxg4 42. fxg4 f3+ 43. Bxf3 exf3+ 44. Kxf3 Bxd6 45. Rd7 Bf8 46. Rd5+ Kf6 47. Ke4
Be7 48. b3 Ke6 49. Rd2 Bd6 50. Ra2 Be7 51. Ra6+ Bd6 52. b4 1-0

[Event "OGOLNOPOLSKA OLIMPIADA MLODZIEZY<br/>MISTRZOSTWA POLSKI JUNIOROW 2016 - C12"]
[Site "Olecko"]
[Date "2016-05-07"]
[Round "2.8"]
[White "Oleksy, Krzysztof"]
[Black "Grzesik, Gracjan"]
[Result "1/2-1/2"]
[WhiteTitle "I"]
[BlackTitle "I"]
[WhiteElo "1653"]
[BlackElo "1748"]

1. d4 d5 2. c4 e6 3. Nc3 Nf6 4. cxd5 exd5 5. Bg5 Be7 6. e3 b6 7. Bb5+ c6 8. Bd3
O-O 9. Qc2 h6 10. Bh4 Bb7 11. Nge2 Nbd7 12. O-O Re8 13. f3 c5 14. Kh1 a6 15. a4
Rc8 16. Rae1 Kh8 17. Qb1 Kg8 18. Qc2 Kh8 19. Qb1 Kg8 20. Qc2 Kh8 21. e4 1/2-1/2

[Event "OGOLNOPOLSKA OLIMPIADA MLODZIEZY<br/>MISTRZOSTWA POLSKI JUNIOROW 2016 - C12"]
[Site "Olecko"]
[Date "2016-05-07"]
[Round "2.9"]
[White "Bachor, Tomasz"]
[Black "Szatkowski, Pawel"]
[Result "1-0"]
[WhiteTitle "II+"]
[BlackTitle "II"]
[WhiteElo "1742"]
[BlackElo "1422"]

1. e4 e6 2. d4 d5 3. Nd2 dxe4 4. Nxe4 Nf6 5. Nxf6+ Qxf6 6. Nf3 h6 7. Bd3 c5 8.
dxc5 Bxc5 9. O-O O-O 10. Qe2 Nc6 11. Qe4 Qf5 12. Qxf5 exf5 13. Re1 Be6 14. c3
a5 15. b3 Rfd8 16. Bc2 b5 17. Bb2 b4 18. c4 Nd4 19. Nxd4 Bxd4 20. Bxd4 Rxd4 21.
Rad1 Rad8 22. Rxd4 Rxd4 23. Rd1 Rxd1+ 24. Bxd1 Kf8 25. f4 Ke7 26. Kf2 Kd6 27.
Ke3 Kc5 28. g3 g5 29. Bf3 g4 30. Bg2 h5 31. Kd3 Bd7 32. Bd5 Be8 33. Ke3 a4 34.
Kd3 axb3 35. axb3 f6 36. Be6 Bg6 37. Bc8 Bh7 38. Bd7 Bg6 39. Be6 Kd6 40. Bg8 Kc5
41. Ke3 Be8 42. Be6 Bg6 43. Bc8 Bh7 44. Kd3 Bg6 45. Bd7 Kd6 46. Bc8 Kc5 47. Be6
Kd6 48. Bg8 Kc5 49. Ke3 Be8 50. Bh7 Bd7 51. Bg6 Be6 52. Bxh5 Kd6 53. Kd4 Kc6 54.
Be8+ Kb6 55. Ba4 Ka6 56. Kc5 Ka5 57. Be8 Bc8 58. Kd6 1-0

[Event "OGOLNOPOLSKA OLIMPIADA MLODZIEZY<br/>MISTRZOSTWA POLSKI JUNIOROW 2016 - C12"]
[Site "Olecko"]
[Date "2016-05-07"]
[Round "2.10"]
[White "Bukala, Norbert"]
[Black "Stolarski, Adam"]
[Result "1-0"]
[WhiteTitle "II"]
[BlackTitle "I"]
[WhiteElo "1415"]
[BlackElo "1733"]

1. d4 d5 2. c4 e6 3. Nc3 Nf6 4. Nf3 Be7 5. Bf4 O-O 6. e3 c5 7. dxc5 Bxc5 8. Qc2
Nc6 9. a3 Re8 10. O-O-O Qe7 11. cxd5 exd5 12. Nxd5 Nxd5 13. Rxd5 Bb6 14. Ng5 g6
15. Bc4 Be6 16. Nxe6 fxe6 17. Rd6 Qf6 18. Qe4 Nd8 19. Kb1 Bc5 20. Rd7 Rc8 21.
Be5 Qf5 22. Qxf5 gxf5 23. Rg7+ Kf8 24. Rxh7 Nf7 25. Bf6 Nd6 26. Bd3 e5 27. Bc2
Kg8 28. Rg7+ Kf8 29. Bb3 Rc6 30. Rg8# 1-0

[Event "OGOLNOPOLSKA OLIMPIADA MLODZIEZY<br/>MISTRZOSTWA POLSKI JUNIOROW 2016 - C12"]
[Site "Olecko"]
[Date "2016-05-07"]
[Round "2.11"]
[White "Gazik, Jakub"]
[Black "Baum, Jonasz"]
[Result "1/2-1/2"]
[WhiteTitle "II"]
[BlackTitle "I"]
[WhiteElo "1665"]
[BlackElo "1857"]

1. d4 Nf6 2. Nf3 g6 3. c4 c5 4. e3 Bg7 5. Nc3 cxd4 6. exd4 d5 7. Be3 O-O 8. Be2
Nc6 9. O-O dxc4 10. Bxc4 Na5 11. Be2 Nd5 12. Nxd5 Qxd5 13. Qd2 Nc4 14. Bxc4 Qxc4
15. Bh6 Bxh6 16. Qxh6 f6 17. Rfe1 Rf7 18. Rac1 Qxa2 19. Rc7 Be6 20. Rxb7 Re8 21.
Qe3 Bd5 22. Rb5 e6 23. b3 Rc8 24. b4 Qa4 25. Rc5 Rb8 26. Rec1 Qxb4 27. h3 a5 28.
Nh2 f5 29. Nf3 Bxf3 30. gxf3 Re8 31. d5 e5 32. d6 e4 33. Rc8 Rxc8 34. Rxc8+ Kg7
35. Qf4 Qe1+ 36. Kg2 exf3+ 37. Qxf3 Qe6 38. Qc6 a4 39. Rc7 a3 40. Rxf7+ Kxf7 41.
Qc7+ Ke8 42. Qb8+ 1/2-1/2

[Event "OGOLNOPOLSKA OLIMPIADA MLODZIEZY<br/>MISTRZOSTWA POLSKI JUNIOROW 2016 - C12"]
[Site "Olecko"]
[Date "2016-05-07"]
[Round "2.12"]
[White "Redzisz, Michal"]
[Black "Skawinski, Szymon"]
[Result "1-0"]
[WhiteTitle "II"]
[BlackTitle "II"]
[WhiteElo "1750"]
[BlackElo "1348"]

1. e4 e5 2. Nf3 Nc6 3. Bc4 Nf6 4. Ng5 d5 5. exd5 Na5 6. Bb5+ c6 7. dxc6 bxc6 8.
Qf3 Rb8 9. Bxc6+ Nxc6 10. Qxc6+ Nd7 11. d3 Be7 12. Ne4 Rb6 13. Qa4 O-O 14. c3
f5 15. Ng3 Nc5 16. Qc2 Nxd3+ 17. Ke2 Ba6 18. c4 Nxc1+ 19. Rxc1 Qd4 20. b3 Bc5
21. Kf1 Rd6 22. Nc3 Qd3+ 23. Qxd3 Rxd3 24. Nge2 g5 25. Rd1 e4 26. Nd5 Bd6 27.
Rxd3 exd3 28. Nec3 f4 29. Rd1 f3 30. g3 g4 31. Rxd3 Bc5 32. Ne4 Ba3 33. Ndf6+
Kg7 34. Rd7+ Rf7 35. Rxf7+ Kxf7 36. Nxg4 Bc8 37. Ne5+ Kg7 38. Nxf3 Be7 39. Ke2
Bf5 40. Ke3 h6 41. Nd4 Bd7 42. c5 Kf7 43. b4 Ke8 44. f4 a6 45. f5 Kf7 46. g4 Ke8
47. Kf4 Kf7 48. Ke5 Bf8 49. h3 Be7 50. Nd6+ Bxd6+ 51. Kxd6 Ke8 52. c6 Bc8 53.
Kc7 1-0

[Event "OGOLNOPOLSKA OLIMPIADA MLODZIEZY<br/>MISTRZOSTWA POLSKI JUNIOROW 2016 - C12"]
[Site "Olecko"]
[Date "2016-05-07"]
[Round "2.13"]
[White "Poltorak, Sebastian"]
[Black "Sieczkowski, Adam"]
[Result "1-0"]
[WhiteTitle "II+"]
[BlackTitle "II"]
[WhiteElo "1623"]
[BlackElo "1494"]

1. d4 Nf6 2. c4 g6 3. Nc3 d5 4. cxd5 Nxd5 5. e4 Nxc3 6. bxc3 Bg7 7. Bc4 O-O 8.
Ne2 c5 9. O-O Qc7 10. Bf4 e5 11. dxe5 Bxe5 12. Bxe5 Qxe5 13. Qc2 Re8 14. Ng3 Be6
15. f4 Qf6 16. Bxe6 Qxe6 17. f5 Qe7 18. f6 Qe5 19. Qd2 Re6 20. Rad1 Rxf6 21. Rxf6
Qxf6 22. Qd8+ Kg7 23. Rd3 a5 24. Nh5+ gxh5 25. Rg3+ Qg6 26. Rxg6+ hxg6 27. Qc8
b5 28. Qb7 Ra6 29. Qxb8 Re6 30. Qxb5 Rxe4 31. Qxa5 Re2 32. a3 Re5 33. Qc7 Rf5
34. a4 h4 35. a5 c4 36. a6 h3 37. gxh3 g5 38. a7 1-0

[Event "OGOLNOPOLSKA OLIMPIADA MLODZIEZY<br/>MISTRZOSTWA POLSKI JUNIOROW 2016 - C12"]
[Site "Olecko"]
[Date "2016-05-07"]
[Round "2.14"]
[White "Gorkiewicz, Mateusz"]
[Black "Panek, Bartosz"]
[Result "1-0"]
[WhiteTitle "II"]
[BlackTitle "II"]
[WhiteElo "1721"]
[BlackElo "1473"]

1. e4 e6 2. d4 d5 3. e5 c5 4. c3 Nc6 5. Nf3 Bd7 6. Bd3 cxd4 7. cxd4 Qb6 8. Bc2
Nb4 9. O-O Nxc2 10. Qxc2 Rc8 11. Nc3 f6 12. Be3 fxe5 13. Nxe5 Nf6 14. Rad1 Bb4
15. a3 Bxc3 16. bxc3 Bb5 17. Rb1 Qa5 18. Rfc1 O-O 19. Qb2 Ba6 20. f3 Qc7 21. Qd2
Qa5 22. Qb2 Qc7 23. Bf2 Nd7 24. Bg3 Nxe5 25. Bxe5 Qf7 26. Re1 Qg6 27. Re3 Rc6
28. Rbe1 Rfc8 29. Bg3 Rb6 30. Qd2 Rbc6 31. Re5 h6 1-0

[Event "OGOLNOPOLSKA OLIMPIADA MLODZIEZY<br/>MISTRZOSTWA POLSKI JUNIOROW 2016 - C12"]
[Site "Olecko"]
[Date "2016-05-07"]
[Round "2.15"]
[White "Wysocki, Mateusz"]
[Black "Trybus, Daniel"]
[Result "1-0"]
[WhiteTitle "II"]
[BlackTitle "II+"]
[WhiteElo "1469"]
[BlackElo "1711"]

1. e4 d5 2. exd5 Qxd5 3. Nc3 Qd6 4. d4 Nf6 5. Nf3 Nc6 6. Be2 Bf5 7. a3 a6 8. O-O
O-O-O 9. Be3 e6 10. b4 Ne7 11. Ne5 Bg6 12. Bf3 Nf5 13. Ne2 Nxe3 14. fxe3 c6 15.
c4 Qc7 16. c5 Nd5 17. Qd2 f6 18. Nc4 e5 19. Bxd5 cxd5 20. Nb6+ Kb8 21. a4 Qc6
22. Ra2 Be7 23. Rb2 Qc7 24. Rc1 Bh5 25. Ng3 Bg4 26. b5 Ka7 27. Nxd5 Qd7 28. Nxe7
Qxe7 29. bxa6 bxa6 30. Qa5 Rb8 31. Rcb1 exd4 32. Rb6 Qxe3+ 33. Kh1 Qd3 34. Rxb8
Qd1+ 35. Rxd1 Rxb8 36. Re1 Bc8 37. h3 f5 38. Re7+ Ka8 39. Qc7 Rb1+ 40. Kh2 Bb7
41. Re8+ Ka7 42. Qb8# 1-0

[Event "OGOLNOPOLSKA OLIMPIADA MLODZIEZY<br/>MISTRZOSTWA POLSKI JUNIOROW 2016 - C12"]
[Site "Olecko"]
[Date "2016-05-07"]
[Round "2.16"]
[White "Popadowski, Wojciech"]
[Black "Czechowski, Jakub"]
[Result "1/2-1/2"]
[WhiteTitle "II"]
[BlackTitle "II"]
[WhiteElo "1393"]
[BlackElo "1652"]

1. e4 e5 2. Nf3 Nc6 3. d4 exd4 4. Bc4 Nf6 5. O-O Nxe4 6. Re1 d5 7. Bxd5 Qxd5 8.
Nc3 Qh5 9. Nxe4 Be6 10. Bg5 Bb4 11. Nxd4 Qxd1 12. Rexd1 Nxd4 13. Rxd4 Be7 14.
Bxe7 Kxe7 15. Re1 Rhd8 16. Rxd8 Rxd8 17. Nc5 b6 18. Nxe6 fxe6 19. Kf1 Rd5 20.
Ke2 Ra5 21. a3 Rb5 22. b3 Ra5 23. a4 Rh5 24. h3 c6 25. Rd1 a5 26. Rd3 Rg5 27.
g3 Rc5 28. Kd2 Re5 29. Re3 Rd5+ 30. Rd3 Rf5 31. Ke2 Rf8 32. Rc3 Kd7 33. Rd3+ Ke7
34. Rc3 Kd7 35. Rd3+ Ke7 36. Rc3 Kd7 1/2-1/2

[Event "OGOLNOPOLSKA OLIMPIADA MLODZIEZY<br/>MISTRZOSTWA POLSKI JUNIOROW 2016 - C12"]
[Site "Olecko"]
[Date "2016-05-07"]
[Round "2.17"]
[White "Lichorad, Mateusz"]
[Black "Bien, Hubert"]
[Result "1-0"]
[WhiteTitle "II"]
[BlackTitle "II"]
[WhiteElo "1644"]
[BlackElo "1402"]

1. e4 e6 2. d4 d5 3. e5 c5 4. c3 Qb6 5. Nf3 Nc6 6. a3 Bd7 7. b4 cxd4 8. cxd4 Rc8
9. Be3 Nge7 10. Bd3 Ng6 11. O-O Be7 12. Nbd2 O-O 13. h4 Rfe8 14. h5 Nf8 15. h6
g6 16. Rb1 Nd8 17. Qb3 Bb5 18. Bxb5 Qxb5 19. a4 Qd7 20. b5 b6 21. Qd3 Nb7 22.
Nb3 Rc4 23. Ra1 Rec8 24. Rfc1 Bb4 25. Bd2 Bxd2 26. Nfxd2 Rxc1+ 27. Rxc1 Rxc1+
28. Nxc1 Qc7 29. Ncb3 Nd7 30. g3 f6 31. exf6 Nxf6 32. Kg2 Ng4 33. Qe2 Nxh6 34.
Qxe6+ Qf7 35. Qc8+ Kg7 36. Qc3 Ng4 37. Nf3 Nd6 38. Nbd2 Kg8 39. Qc2 Nf5 40. Qc3
Nd6 41. Qc2 1-0

[Event "OGOLNOPOLSKA OLIMPIADA MLODZIEZY<br/>MISTRZOSTWA POLSKI JUNIOROW 2016 - C12"]
[Site "Olecko"]
[Date "2016-05-07"]
[Round "2.18"]
[White "Retz, Adrian"]
[Black "Kabacinski, Krzysztof"]
[Result "0-1"]
[WhiteTitle "II"]
[BlackTitle "II"]
[WhiteElo "1387"]
[BlackElo "1636"]

1. e4 c6 2. d4 d5 3. exd5 cxd5 4. Nf3 Bg4 5. Be2 Nf6 6. Bf4 e6 7. Nbd2 Bd6 8. Bg3
O-O 9. O-O Nc6 10. c3 Bxg3 11. hxg3 Rb8 12. Nh2 Bxe2 13. Qxe2 b5 14. a3 a5 15.
Rac1 Qb6 16. b4 Rfc8 17. Ng4 Nxg4 18. Qxg4 Rc7 19. f4 Nxd4 20. Kh2 Rbc8 21. Nb1
Nf5 22. Qf3 axb4 23. axb4 Qe3 24. Qg4 Nh6 25. Qd1 Qe4 26. Re1 Qg6 27. Re5 Ng4+
28. Kg1 Nxe5 29. fxe5 Qxg3 30. Qd4 Rc4 31. Qd2 Rh4 0-1

[Event "OGOLNOPOLSKA OLIMPIADA MLODZIEZY<br/>MISTRZOSTWA POLSKI JUNIOROW 2016 - C12"]
[Site "Olecko"]
[Date "2016-05-07"]
[Round "2.19"]
[White "Dolata, Marcin"]
[Black "Paprocki, Stanislaw"]
[Result "1-0"]
[WhiteTitle "II"]
[BlackTitle "II"]
[WhiteElo "1345"]
[BlackElo "1612"]

1. e4 c5 2. Nc3 e6 3. g3 d5 4. Bg2 d4 5. Nce2 Nc6 6. d3 Bd6 7. f4 Bd7 8. Nf3 Bc7
9. O-O Rb8 10. a3 Nf6 11. h3 O-O 12. g4 Ne8 13. Qe1 f5 14. exf5 exf5 15. g5 Ba5
16. Qh4 g6 17. Nfxd4 Nxd4 18. Nxd4 cxd4 19. Bd5+ Rf7 20. Bxf7+ Kxf7 21. Qxh7+
Ng7 22. b4 Bc7 23. Bb2 Bc6 24. c4 b5 25. Rad1 a6 26. Rf2 Qd7 27. Re1 bxc4 28.
Rfe2 Bd8 29. Re6 c3 30. Rxg6 Kf8 31. Qh8+ 1-0

[Event "OGOLNOPOLSKA OLIMPIADA MLODZIEZY<br/>MISTRZOSTWA POLSKI JUNIOROW 2016 - C12"]
[Site "Olecko"]
[Date "2016-05-07"]
[Round "2.20"]
[White "Wolaniecki, Patryk"]
[Black "Chudzik, Jakub"]
[Result "1-0"]
[WhiteTitle "I"]
[BlackTitle "II+"]
[WhiteElo "1585"]
[BlackElo "1388"]

1. e4 c5 2. Nf3 d6 3. c3 Nf6 4. Be2 g6 5. O-O Bg7 6. d3 O-O 7. h3 Nc6 8. Be3 Bd7
9. Kh1 Qc8 10. Nh2 Rb8 11. Nd2 b6 12. f4 a6 13. Qe1 b5 14. Nhf3 h6 15. g4 a5 16.
f5 g5 17. Rg1 Nh7 18. h4 Ne5 19. hxg5 Nxf3 20. Nxf3 hxg5 21. Nxg5 Nxg5 22. Bxg5
f6 23. Be3 Kf7 24. Qg3 Qc6 25. Bf3 Qc7 26. Kg2 e6 27. Kf2 Rg8 28. Rg2 Bf8 29.
Qh4 Be7 30. Qh5+ Kf8 31. Bh6+ Rg7 32. Qg6 Bc8 33. Bxg7+ Kg8 34. Bh6+ Kh8 35. Qg7#
Ra8 1-0

[Event "OGOLNOPOLSKA OLIMPIADA MLODZIEZY<br/>MISTRZOSTWA POLSKI JUNIOROW 2016 - C12"]
[Site "Olecko"]
[Date "2016-05-07"]
[Round "2.21"]
[White "Skorupka, Arkadiusz"]
[Black "Kacprzak, Karol"]
[Result "0-1"]
[WhiteTitle "III"]
[BlackTitle "I"]
[WhiteElo "1180"]
[BlackElo "1556"]

1. e4 c5 2. Nf3 d6 3. c3 Nf6 4. Bd3 a6 5. Bc2 Bg4 6. Bb3 e6 7. h3 Bh5 8. Bc2 Nc6
9. d4 cxd4 10. cxd4 Rc8 11. d5 exd5 12. exd5 Ne5 13. Qe2 Be7 14. Nc3 Qa5 15. Bd2
Qc7 16. Bf5 Rb8 17. Rc1 Qd8 18. Be4 Nxe4 19. Nxe4 Nxf3+ 20. gxf3 Bg6 21. Bc3 O-O
22. Qe3 Re8 23. Kd1 f5 24. Qd4 Bf8 25. Ng3 Qd7 26. h4 Bf7 27. Rg1 Re5 28. Nh5
Bxh5 29. Rg3 Qf7 30. Kc2 f4 31. Rg2 Bxf3 32. Rg5 Rxg5 33. hxg5 Qf5+ 34. Qd3 Be4
0-1

[Event "OGOLNOPOLSKA OLIMPIADA MLODZIEZY<br/>MISTRZOSTWA POLSKI JUNIOROW 2016 - C12"]
[Site "Olecko"]
[Date "2016-05-07"]
[Round "2.22"]
[White "Jaszczuk, Hubert"]
[Black "Swiech, Lukasz"]
[Result "1-0"]
[WhiteTitle "II+"]
[BlackTitle "II"]
[WhiteElo "1545"]
[BlackElo "1295"]

1. e4 c5 2. Nf3 Nc6 3. g3 g6 4. Bg2 Bg7 5. c3 d6 6. O-O Nf6 7. Re1 e5 8. Na3 O-O
9. Nc2 Re8 10. b3 b6 11. d3 Bb7 12. Ne3 b5 13. Bd2 a5 14. a4 b4 15. c4 Bc8 16.
h3 Rf8 17. Qc1 Bd7 18. Kh2 Qc8 19. Rh1 Nd4 20. Nxd4 exd4 21. Nc2 Ne8 22. f4 Bc6
23. Qf1 Nc7 24. Bf3 Qb7 25. Bg2 Rae8 26. Re1 Re7 27. Qf2 Rfe8 28. g4 f5 29. exf5
Bxg2 30. Rxe7 Rxe7 31. Re1 Rxe1 32. Nxe1 Bc6 33. fxg6 hxg6 34. Qh4 Ne8 35. Qf2
Qe7 36. Nf3 Bxf3 37. Qxf3 Kh8 38. Kg1 Qe6 39. Kf2 Nf6 40. Qa8+ Kh7 41. Qxa5 Qd7
42. Qb6 Ne8 43. a5 Qc7 44. Kf3 Kg8 45. Be1 Bf6 46. Qb5 Qc8 47. a6 Nc7 48. Qc6
Qa8 49. Qb7 Qxb7+ 50. axb7 Na6 51. Ke4 Nb8 52. Kd5 Be7 53. Ke6 Kf8 54. Bg3 Ke8
55. f5 gxf5 56. gxf5 Nc6 1-0

[Event "OGOLNOPOLSKA OLIMPIADA MLODZIEZY<br/>MISTRZOSTWA POLSKI JUNIOROW 2016 - C12"]
[Site "Olecko"]
[Date "2016-05-07"]
[Round "2.23"]
[White "Majewski, Krzysztof"]
[Black "Wojtasik, Szymon"]
[Result "1-0"]
[WhiteTitle "II"]
[BlackTitle "II"]
[WhiteElo "1492"]
[BlackElo "1151"]

1. e4 c5 2. Nf3 Nc6 3. d4 cxd4 4. Nxd4 g6 5. Nc3 Bg7 6. Be3 Nf6 7. Be2 O-O 8. f3
d6 9. Qd2 Re8 10. g4 Nd7 11. f4 Nb6 12. Nxc6 bxc6 13. f5 Bb7 14. O-O-O Qd7 15.
h4 d5 16. Bd4 e5 17. fxe6 Qxe6 18. Bxg7 Kxg7 19. Qd4+ Qe5 20. Qxe5+ Rxe5 21. Bf3
Rae8 22. exd5 Nxd5 23. Bxd5 cxd5 24. Nb5 a6 25. Nd6 R8e7 26. Nxb7 Rxb7 27. Rd4
Rbe7 28. Rf1 Rc7 29. Kd2 Kf8 30. Rf6 Re6 31. Rdf4 Kg7 32. g5 Rce7 33. c3 Re2+
34. Kd3 Rxb2 35. Rxa6 Rbe2 36. Raa4 R7e3+ 37. Kd4 Re4+ 38. Kxd5 Rxf4 39. Rxf4
Rxa2 40. c4 Kf8 41. c5 Ke7 42. Kc6 Rb2 43. Kc7 Re2 44. c6 Re6 45. Kb7 Rd6 46.
c7 Rd7 47. Kb8 Rd6 48. Re4+ Kf8 49. c8=Q+ Kg7 50. Qc3+ f6 51. gxf6+ Rxf6 52. Re7+
Kg8 53. Qxf6 g5 54. Qg7# 1-0

[Event "OGOLNOPOLSKA OLIMPIADA MLODZIEZY<br/>MISTRZOSTWA POLSKI JUNIOROW 2016 - C12"]
[Site "Olecko"]
[Date "2016-05-07"]
[Round "3.1"]
[White "Bachor, Tomasz"]
[Black "Oglaza, Oskar"]
[Result "0-1"]
[WhiteTitle "II+"]
[BlackTitle "k"]
[WhiteElo "1742"]
[BlackElo "2132"]

1. e4 c5 2. Nf3 d6 3. d4 Nf6 4. Nc3 cxd4 5. Nxd4 a6 6. Be2 e6 7. O-O Be7 8. f4
O-O 9. a4 Qc7 10. Kh1 Nbd7 11. Bf3 Nc5 12. Qe2 e5 13. Nf5 Bxf5 14. exf5 Rfe8 15.
fxe5 dxe5 16. g4 e4 17. Bg2 h6 18. h4 Qg3 19. Qf2 Qxg4 20. Qf4 Qxf4 21. Bxf4 a5
22. Rae1 Bf8 23. Re2 Rad8 24. Rfe1 Bd6 25. Bxd6 Rxd6 26. b3 Re5 27. Kg1 Rd4 28.
Nb5 Rd7 29. Bh3 Rd8 30. Nc3 Nh5 31. Bg2 Nf4 32. Re3 Rd2 33. Bxe4 Nxe4 34. Nxe4
Rxc2 35. f6 Ng2 36. fxg7 Nxe1 37. Rxe1 Kxg7 38. Re3 f5 39. Rg3+ Kf7 40. Rc3 Rxc3
41. Nxc3 Re3 42. Nb5 Rxb3 43. Nd4 Rb4 44. Nxf5 Rxa4 45. Nxh6+ Kg6 0-1

[Event "OGOLNOPOLSKA OLIMPIADA MLODZIEZY<br/>MISTRZOSTWA POLSKI JUNIOROW 2016 - C12"]
[Site "Olecko"]
[Date "2016-05-07"]
[Round "3.2"]
[White "Czopor, Maciej"]
[Black "Koziorowicz, Michal"]
[Result "1-0"]
[WhiteTitle "I+"]
[BlackTitle "I"]
[WhiteElo "1980"]
[BlackElo "1690"]

1. e4 c5 2. Nf3 d6 3. d4 cxd4 4. Nxd4 Nf6 5. Nc3 g6 6. Be3 Bg7 7. f3 O-O 8. Qd2
Nc6 9. O-O-O d5 10. exd5 Nxd5 11. Nxc6 bxc6 12. Bd4 e5 13. Bc5 Be6 14. Ne4 Re8
15. g4 h6 16. h4 Rb8 17. g5 h5 18. Bc4 a5 19. a4 Bf8 20. Qf2 Qc7 21. Rhe1 Qb7
22. b3 Kh8 23. Nd6 Bxd6 24. Bxd6 Rbd8 25. Bxe5+ Kh7 26. Bb2 Qc7 27. Bxd5 Qf4+
28. Qe3 Qxe3+ 29. Rxe3 Bxd5 30. Rde1 Rxe3 31. Rxe3 Be6 32. Bc3 Rd5 33. Re5 Rxe5
34. Bxe5 Bd5 35. f4 Kg8 36. Bd6 Kg7 37. Be7 f5 38. gxf6+ Kf7 39. Kd2 Ke8 40. Ke3
Kd7 41. Kd4 Bf7 42. Kc5 Ke6 43. b4 axb4 44. a5 Kd7 45. a6 Kc8 46. Bd6 Bd5 47.
Kb6 1-0

[Event "OGOLNOPOLSKA OLIMPIADA MLODZIEZY<br/>MISTRZOSTWA POLSKI JUNIOROW 2016 - C12"]
[Site "Olecko"]
[Date "2016-05-07"]
[Round "3.3"]
[White "Luczak, Filip"]
[Black "Czernek, Tymon"]
[Result "0-1"]
[WhiteTitle "I"]
[BlackTitle "I"]
[WhiteElo "1662"]
[BlackElo "1895"]

1. e4 c5 2. Nf3 d6 3. d4 cxd4 4. Nxd4 Nf6 5. Nc3 a6 6. Nb3 Nbd7 7. Be2 b5 8. O-O
Bb7 9. Re1 g6 10. Nd5 Nxd5 11. exd5 Bg7 12. c3 O-O 13. Bf4 Rc8 14. Qd2 Nb6 15.
Bf3 Nc4 16. Qe2 Ne5 17. Bxe5 Bxe5 18. a4 bxa4 19. Rxa4 e6 20. Rb4 Bxd5 21. Bxd5
exd5 22. Qxa6 Rxc3 23. f4 Bg7 24. Rb6 Rc2 25. Rxd6 Qh4 26. Re2 Bd4+ 27. Kh1 Rxb2
28. g3 Rb1+ 29. Kg2 Rg1+ 30. Kf3 Qh5+ 31. g4 Qh3# 0-1